| 000 | 00702nam a2200229 a 4500 | ||
|---|---|---|---|
| 999 |
_c8775 _d8775 |
||
| 001 | 8775 | ||
| 003 | BD-JhCC | ||
| 005 | 20180303195807.0 | ||
| 008 | 180303b2007 bg a|||| ||a| 000 0 ben d | ||
| 020 | _a9844103053 | ||
| 035 | _a(BD-JhCC) 8775 | ||
| 040 |
_aBD-JhCC _dBD-JhCC |
||
| 041 | _aben | ||
| 082 |
_a491.4 _bHAQ 2007 |
||
| 100 | _aহক, মহাম্মদ দানীউল | ||
| 245 |
_aভাষাবিজ্ঞানের কথা / _cমহাম্মদ দানীউল হক |
||
| 260 |
_aঢাকা : _bমাওলা ব্রাদার্স ঢাকা , _c2007 |
||
| 300 |
_a441 p .: _c22 cm . |
||
| 650 | _a Bengali | ||
| 942 |
_2ddc _cBK |
||